Directorio de empresarios /

Uloženo v:
Podrobná bibliografie
Médium: Kniha
Jazyk:španělština
Vydáno: México : IBCON, 2003, c2003
Vydání:5a edición
Témata:
Tagy: Přidat tag
Žádné tagy, Buďte první, kdo vytvoří štítek k tomuto záznamu!

MARC

LEADER 00000nam^a2200000^a^4500
001 000166578
005 20250521000000.0
009 20260310101056.46
020 |a 968-5097-87-9 
037 |a Acervo ITESO - Biblioteca 
041 |a ESP 
082 |a 338. 0028  |b DIR 2003 
245 1 0 |a Directorio de empresarios / 
250 |a 5a edición 
264 4 |a México :  |b IBCON,  |c 2003, c2003 
300 |a 625 p. 
336 |a texto  |b txt  |2 rdacontenido 
337 |a sin mediación  |b n  |2 rdamedio 
338 |a volumen  |b nc  |2 rdasoporte 
649 |a XX 
650 |a Gerentes y Jefes -  |z México (Ciudad) -  |x Directorios 
650 |a Gerentes y Jefes -  |z México -  |x Directorios 
650 |a Empresarios -  |z México (Ciudad) -  |x Directorios 
650 |a Empresarios -  |z México -  |x Directorios 
650 |a Empresas -  |z México (Ciudad) -  |x Directorios 
650 |a Empresas -  |z México -  |x Directorios 
650 |a Sociedades Anónimas -  |z México (Ciudad) -  |x Directorios 
650 |a Sociedades Anónimas -  |z México -  |x Directorios 
650 |a Sociedades Mercantiles -  |z México (Ciudad) -  |x Directorios 
650 |a Sociedades Mercantiles -  |z México -  |x Directorios 
650 |a Economía 
650 |a México (Ciudad) -  |x Directorios 
650 |a México -  |x Directorios 
910 |a Fondo General 
920 |a Impresos - Libros 
930 |a Obras de Referencia 
905 |a 102 
901 |a 0500102717  |b IT2  |c REF  |u 20250521 
902 |a https://opac.biblio.iteso.mx/vufind/Record/000166578